000 00855nam a2200205 i 4500
001 180496
003 ES-MaACL
005 20250814091646.0
008 120608s1973 sp |||| | spa d
080 _a533.7(043.2)
100 1 _aMarro Borau, Joaquín.
_9150435
245 1 0 _aMecánica estadística de los procesos irreversibles
_b: contribución a la teoría dinamicomolecular de gases densos fuera del equilibrio /
_cpor Joaquín Marro Borau.
260 _aBarcelona :
_bUniversidad de Barcelona. Secretariado de Publicaciones, Intercambio Científico y Extensión Universitaria,
_c1973.
300 _a7 p. ;
_c24 cm.
502 _aResumen de tesis--Universidad Barcelona.
650 7 _aTeoría cinética de los gases
_2embne
_9150436
710 2 _aUniversidad de Barcelona.
_97141
852 _aES-MaACL
_jE-15362(85)
999 _c180496
_d180496